00632nam a2200193Ia 4500008004100000020000700041082001500048100003000063245003300093250000700126260007300133300002400206500000700230600003300237650001400270942000700284952013200291999001500423240925s9999 xx 000 0 und d aNA a403.97 TUP aThe university of punjab 0aUrdu Encyclopaedia of islam  aNA aLahore:bPunjab university lahore Dep of urdu encyl of islamc,2002. a628p.bNAfOriginal aNA aHumanities & Natural Science aLanguages cBK 001040708HUMaUITUbUITUd2003-08-16eRoyal Book Company g895.00l0o403.97 UNIpQ5158r2024-09-25 07:13:45w2024-09-25yBK c7657d7657